[Event "VIE-ch U11"]
[Site "Hai Phong"]
[Date "2018.07.09"]
[Round "5"]
[White "Hoa, Quang Bach"]
[Black "Luu, Quoc Viet"]
[Result "1-0"]
[WhiteElo "1894"]
[BlackElo "1904"]
[PlyCount "153"]
[EventDate "2018.07.07"]
[EventType "swiss"]
[EventRounds "9"]
[EventCountry "VIE"]
[SourceTitle "EXT 2019"]
[Source "ChessBase"]
[SourceDate "2018.10.10"]
[SourceVersion "1"]
[SourceVersionDate "2018.10.10"]
[SourceQuality "1"]

1. d4 Nf6 2. Nf3 d5 3. Bf4 Bf5 4. e3 e6 5. Bd3 Bxd3 6. Qxd3 c6 7. 0-0 Nbd7 8. h3 Be7 9. c4 0-0 10. Nc3 Rc8 11. c5 h6 12. b4 b6 13. Qa6 Ra8 14. a3 Qc8 15. Qd3 Qb7 16. Rfb1 Bd8 17. Bd6 Re8 18. b5 Bc7 19. bxc6 Qxc6 20. Qb5 Qxb5 21. Nxb5 Bxd6 22. Nxd6 Red8 23. c6 Nf8 24. Nb5 Rdc8 25. Rc1 a6 26. Nd6 Rc7 27. Rab1 b5 28. Ne5 Ne8 29. Nxe8 Rxe8 30. a4 f6 31. axb5 axb5 32. Nd3 Rb8 33. Nb4 Rb6 34. Ra1 Kf7 35. Rc5 Ng6 36. Ra5 Ke7 37. Raxb5 Rxb5 38. Rxb5 Nh8 39. Rb8 Nf7 40. Rg8 g5 41. e4 Kd6 42. exd5 exd5 43. Rb8 f5 44. Rb5 Ke6 45. Rc5 Nd8 46. Kf1 h5 47. Ke2 f4 48. Kd3 h4 49. Rxd5 Nxc6 50. Nxc6 Kxd5 51. Nb4+ Ke6 52. Ke4 Rb7 53. Nd3 Ra7 54. Nc5+ Kd6 55. Kf5 Kd5 56. Kxg5 Kxd4 57. Ne6+ Ke4 58. Nxf4 Ra5+ 59. Kg4 Ra4 60. Ng6 Ra2 61. f3+ Ke3 62. Nxh4 Ra4+ 63. Kg5 Ra5+ 64. Nf5+ Kf2 65. g4 Kxf3 66. h4 Ke4 67. h5 Ke5 68. h6 Ke6 69. h7 Ra8 70. Kg6 Ke5 71. Ne7 Rh8 72. g5 Kf4 73. Nd5+ Kg4 74. Nf6+ Kh4 75. Kh6 Kg3 76. g6 Kf4 77. g7 1-0

[Event "VIE-ch U11"]
[Site "Hai Phong"]
[Date "2018.07.07"]
[Round "2"]
[White "Hoa, Quang Bach"]
[Black "An, Dinh Minh"]
[Result "1/2-1/2"]
[WhiteElo "1894"]
[BlackElo "1909"]
[PlyCount "84"]
[EventDate "2018.07.07"]
[EventType "swiss"]
[EventRounds "9"]
[EventCountry "VIE"]
[SourceTitle "EXT 2019"]
[Source "ChessBase"]
[SourceDate "2018.10.10"]
[SourceVersion "1"]
[SourceVersionDate "2018.10.10"]
[SourceQuality "1"]

1. d4 Nf6 2. Nf3 g6 3. Bf4 Bg7 4. e3 0-0 5. Be2 d6 6. c4 c5 7. Nc3 Nbd7 8. 0-0 a6 9. h3 Re8 10. Rc1 h6 11. d5 Nh5 12. Bh2 b5 13. cxb5 axb5 14. Bxb5 Ba6 15. Bxa6 Rxa6 16. a3 Qb6 17. Qc2 Rb8 18. Rb1 Qb3 19. Qxb3 Rxb3 20. Nd2 Rb7 21. Rfc1 Bxc3 22. Rxc3 Nb6 23. Rb3 Raa7 24. e4 Nf6 25. f3 Nfd7 26. Kf2 c4 27. Rc3 Na4 28. Rxc4 Rxb2 29. Rxb2 Nxb2 30. Rc8+ Kg7 31. Nb1 Nc5 32. Ke2 Rb7 33. Bg1 Nbd3 34. Bd4+ f6 35. Nd2 Nf4+ 36. Kf1 Nb3 37. Nxb3 Rxb3 38. a4 Ra3 39. Ra8 Rd3 40. Bb6 Rb3 41. Bd8 Rb1+ 42. Kf2 Rb2+ 1/2-1/2

[Event "VIE-ch U11"]
[Site "Hai Phong"]
[Date "2018.07.07"]
[Round "1"]
[White "Nguyen, Duc Duy"]
[Black "Hoa, Quang Bach"]
[Result "0-1"]
[WhiteElo "1868"]
[BlackElo "1894"]
[PlyCount "108"]
[EventDate "2018.07.07"]
[EventType "swiss"]
[EventRounds "9"]
[EventCountry "VIE"]
[SourceTitle "EXT 2019"]
[Source "ChessBase"]
[SourceDate "2018.10.10"]
[SourceVersion "1"]
[SourceVersionDate "2018.10.10"]
[SourceQuality "1"]

1. d4 d5 2. c4 c6 3. Nf3 Nf6 4. Nc3 dxc4 5. a4 Bf5 6. e3 e6 7. Bxc4 Bb4 8. 0-0 0-0 9. Qe2 Nbd7 10. Rd1 Qb6 11. e4 Bg6 12. Bd3 a5 13. Bf4 Bh5 14. Rac1 c5 15. e5 Bxc3 16. bxc3 Nd5 17. Bg3 cxd4 18. cxd4 Rac8 19. Qd2 Qb4 20. Rb1 Qxd2 21. Rxd2 Nb4 22. Be4 Rc7 23. Bh4 Nb6 24. Ra1 Nxa4 25. Bd3 b6 26. Rxa4 Nxd3 27. h3 Nf4 28. Ng5 Bg6 29. Rb2 Nd5 30. f3 Bc2 31. Ra1 a4 32. Ne4 Bb3 33. Nd2 Bc2 34. Ne4 Rb8 35. Nd6 Bb3 36. Nb5 Rc4 37. Bf2 Nc7 38. Nd6 Rc3 39. Ne4 Rd3 40. Rd2 Rxd2 41. Nxd2 Ra8 42. Nxb3 axb3 43. Rb1 Ra3 44. Be1 Nd5 45. Kf1 Kf8 46. Bd2 Ke7 47. Ke1 Kd7 48. Bc1 Nc3 49. Bxa3 Nxb1 50. Bb2 b5 51. Ke2 Kc6 52. Kd3 Kd5 53. Bc1 b4 54. Bb2 Na3 0-1

[Event "Hanoi HD Bank op-B 8th"]
[Site "Hanoi"]
[Date "2018.03.12"]
[Round "5"]
[White "Hoa, Quang Bach"]
[Black "Tran, Nhat Phuong"]
[Result "1-0"]
[WhiteElo "1081"]
[BlackElo "1618"]
[PlyCount "133"]
[EventDate "2018.03.10"]
[EventType "swiss"]
[EventRounds "9"]
[EventCountry "VIE"]
[SourceTitle "CBM 183 Extra"]
[Source "ChessBase"]
[SourceDate "2018.04.19"]
[SourceVersion "1"]
[SourceVersionDate "2018.04.19"]
[SourceQuality "1"]

1. d4 d5 2. Nf3 Nf6 3. Bf4 Bg4 4. e3 e6 5. Be2 Bd6 6. Bg3 Bxg3 7. hxg3 Nbd7 8. c4 c6 9. Nc3 0-0 10. Nd2 Bf5 11. Qb3 Qb8 12. 0-0 Re8 13. Rfc1 Nb6 14. a4 dxc4 15. Nxc4 Nxc4 16. Qxc4 Qd6 17. b4 e5 18. Rd1 Ne4 19. dxe5 Qxe5 20. Nxe4 Bxe4 21. Qd4 Qe7 22. Qd6 Bd5 23. Qxe7 Rxe7 24. Rd4 g6 25. Rc1 Rae8 26. a5 Re4 27. Rcd1 Rxd4 28. Rxd4 f5 29. g4 fxg4 30. Bxg4 h5 31. Be2 Kg7 32. a6 bxa6 33. Bxa6 Re5 34. Bd3 Bf7 35. e4 Be8 36. f4 Re7 37. Kf2 Rc7 38. Rd8 Rd7 39. Rxd7+ Bxd7 40. Ke3 h4 41. Kd4 Kf7 42. Kc5 Ke7 43. Ba6 h3 44. gxh3 Bxh3 45. Kxc6 Bg2 46. Kd5 Kf6 47. Bd3 g5 48. fxg5+ Kxg5 49. Kd6 Kf4 50. e5 Bf3 51. Bg6 Kg5 52. Bf7 Bg4 53. e6 Kf6 54. Kd7 Bf5 55. Bg8 Kg7 56. Kd8 Kxg8 57. e7 Bg6 58. e8Q+ Bxe8 59. Kxe8 Kg7 60. Ke7 Kg6 61. Ke6 Kg5 62. Ke5 Kg6 63. b5 Kf7 64. Kd6 Kf6 65. Kc7 Ke6 66. Kb7 Kd5 67. Kxa7 1-0